[Event "2006 Trumpeter Classic"]
[Site "Grande Prairie"]
[Date "2006.01.29"]
[Round "5"]
[White "Wong, Ford"]
[Black "Pradzinski, Tim"]
[Result "1/2-1/2"]
[WhiteElo "1807"]
[BlackElo "1801"]
[PlyCount "112"]
[EventDate "2006.01.28"]
[EventType "swiss"]
[EventRounds "5"]
[EventCountry "CAN"]

1. d4 d5 2. Nf3 Nf6 3. c4 e6 4. Nc3 Bb4 5. a3 Bxc3+ 6. bxc3 Bd7 7. cxd5 exd5 8.
Qb3 b6 9. Bg5 Be6 10. e3 O-O 11. Bd3 h6 12. Bh4 c5 13. Bb1 Qd6 14. Bxf6 gxf6
15. Qc2 f5 16. Nh4 Qd7 17. g4 f6 18. gxf5 Bf7 19. Rg1+ Kh7 20. Ng6 Rg8 21. Qe2
Bxg6 22. Rxg6 Rxg6 23. fxg6+ Kg7 24. Qf3 Nc6 25. h4 Re8 26. Kd2 cxd4 27. cxd4
Na5 28. Ba2 Nc4+ 29. Bxc4 dxc4 30. h5 Re7 31. a4 Qd6 32. Kc3 a5 33. Qd1 Qb4+
34. Kc2 Qb3+ 35. Kc1 Qc3+ 36. Kb1 b5 37. Qc2 Qb4+ 38. Ka2 bxa4 39. Rb1 Qd6 40.
Qxc4 Rc7 41. Qxa4 Qd5+ 42. Qb3 Qxh5 43. d5 Qe5 44. Qd3 Qd6 45. f4 Qd7 46. Ka3
Rc5 47. e4 Qc7 48. Qd4 Rc4 49. d6 Rxd4 50. dxc7 Rc4 51. Rb7 Kxg6 52. Kb3 Rc5
53. Ka4 h5 54. e5 fxe5 55. fxe5 Kf5 56. Ra7 Ke6 1/2-1/2

[Event "2006 Alberta Closed"]
[Site "Edmonton"]
[Date "2006.02.18"]
[Round "1"]
[White "Haessel, Dale"]
[Black "Neven, Knut"]
[Result "0-1"]
[WhiteElo "2251"]
[BlackElo "2237"]
[PlyCount "93"]
[EventDate "2006.02.18"]
[EventType "tourn"]
[EventRounds "5"]
[EventCountry "CAN"]

1. d4 Nf6 2. c4 g6 3. Nc3 c5 4. d5 b5 5. cxb5 a6 6. b6 Bg7 7. Nf3 O-O 8. e4 d6
9. Qb3 Bb7 10. Nd2 Nbd7 11. Nc4 Ng4 12. Be2 Nge5 13. Na5 Rb8 14. O-O c4 15.
Nxc4 Nxc4 16. Bxc4 Nxb6 17. Be2 f5 18. exf5 gxf5 19. Be3 Ba8 20. Bf3 Nd7 21.
Qc2 Ne5 22. Be2 f4 23. Bd4 f3 24. gxf3 e6 25. Kh1 Qh4 26. Rad1 Rf4 27. Bxe5
Bxe5 28. Rg1+ Kh8 29. Rg2 exd5 30. Nxd5 Bxd5 31. Rxd5 Qd8 32. b3 Rc8 33. Qd2
Qf6 34. Bxa6 Rg8 35. Rxg8+ Kxg8 36. Bc4 Kg7 37. Ra5 Rd4 38. Ra7+ Kf8 39. Qe2
Qh4 40. Rf7+ Ke8 41. f4 Rxf4 42. Rxf4 Qxf4 43. f3 h5 44. Qg2 Ke7 45. a4 Kd7 46.
Qh3+ Kc7 47. Qg2 0-1

[Event "2006 Alberta Closed"]
[Site "Edmonton"]
[Date "2006.02.18"]
[Round "1"]
[White "Reeve, Jeff"]
[Black "Gardner, Robert"]
[Result "0-1"]
[WhiteElo "2345"]
[BlackElo "2265"]
[PlyCount "102"]
[EventDate "2006.02.18"]
[EventType "tourn"]
[EventRounds "5"]
[EventCountry "CAN"]

1. e4 c5 2. Nf3 d6 3. Bb5+ Bd7 4. Bxd7+ Nxd7 5. O-O g6 6. c4 e5 7. Nc3 Ne7 8.
d3 Bg7 9. a3 O-O 10. Nd5 Nxd5 11. cxd5 h6 12. a4 f5 13. Nd2 Nf6 14. Nc4 Kh7 15.
f3 f4 16. a5 g5 17. Bd2 Qc7 18. Bc3 h5 19. Qb3 Nd7 20. Qb5 Rf6 21. a6 b6 22.
Na3 Rc8 23. Qc4 Nf8 24. b4 Rg6 25. bxc5 dxc5 26. Qb5 g4 27. Nc4 Qe7 28. Ra2 Nd7
29. Qb2 Bf6 30. Na3 Rcg8 31. Nb5 Nb8 32. d6 Qg7 33. Nc7 Nc6 34. Nd5 h4 35. fxg4
Rxg4 36. Qe2 Qh6 37. Qf3 Bd8 38. Ne7 Bxe7 39. dxe7 Qe6 40. Rb2 Qxe7 41. h3 R4g5
42. Be1 Nd4 43. Qd1 Qg7 44. Kh1 f3 45. Rg1 Rxg2 46. Rbxg2 fxg2+ 47. Kh2 Qg5 48.
Qg4 Qxg4 49. hxg4 Nf3+ 50. Kxg2 Nxg1 51. Kxg1 Rxg4+ 0-1

[Event "2006 Alberta Closed"]
[Site "Edmonton"]
[Date "2006.02.18"]
[Round "2"]
[White "Haessel, Dale"]
[Black "Huber, Greg"]
[Result "0-1"]
[WhiteElo "2251"]
[BlackElo "2306"]
[PlyCount "312"]
[EventDate "2006.02.18"]
[EventType "tourn"]
[EventRounds "5"]
[EventCountry "CAN"]

1. d4 Nf6 2. c4 e6 3. Nf3 c5 4. d5 exd5 5. cxd5 d6 6. Nc3 g6 7. Bf4 a6 8. e4 b5
9. Qe2 Nh5 10. Bg5 f6 11. Be3 Be7 12. a4 b4 13. Nd1 O-O 14. Bh6 Re8 15. Ne3 Bf8
16. Bxf8 Kxf8 17. Nd2 Ra7 18. Qf3 Nd7 19. Ndc4 Qe7 20. Bd3 Ne5 21. Nxe5 Qxe5
22. Nc4 Qxd5 23. O-O Qg5 24. Nxd6 Bg4 25. Qe3 Qxe3 26. fxe3 Re6 27. Nc4 Rd7 28.
h3 Bxh3 29. Be2 Rxe4 30. gxh3 Ng3 31. Rxf6+ Ke7 32. Rxa6 Nxe2+ 33. Kf2 Rxc4 34.
Kxe2 Rc2+ 35. Kf3 Rxb2 36. Rc6 Rc2 37. a5 Ra7 38. a6 b3 39. Rb6 b2 40. Rb1 Kd7
41. Ke4 Kc7 42. R1xb2 Rxb2 43. Rxb2 Rxa6 44. Kd5 Rc6 45. e4 c4 46. Rc2 c3 47.
Kd4 Kd6 48. Rxc3 Rxc3 49. Kxc3 Ke5 50. Kd3 g5 51. Ke3 h5 52. Kf3 Kd4 53. h4 g4+
54. Kf4 Kc5 55. Ke3 Kd6 56. Kf2 Ke6 57. Ke2 Kf7 58. Kf2 Kf6 59. Ke2 Ke5 60. Ke3
Kd6 61. Kf2 Kc5 62. Ke3 Kc4 63. Kf4 Kd4 64. e5 Kd5 65. Kf5 g3 66. e6 g2 67. e7
g1=Q 68. e8=Q Qg4+ 69. Kf6 Qxh4+ 70. Kg6 Qg4+ 71. Kh6 h4 72. Qb5+ Ke6 73. Qc6+
Kf7 74. Qc7+ Kf6 75. Qc3+ Ke7 76. Qc5+ Kf6 77. Qc3+ Kf5 78. Qc5+ Kf4 79. Qf2+
Ke4 80. Qe1+ Kf5 81. Qa5+ Kf4 82. Qc7+ Kf3 83. Qc3+ Kg2 84. Qd2+ Kh3 85. Qd3+
Qg3 86. Qd7+ Kg2 87. Qd2+ Qf2 88. Qd5+ Qf3 89. Qd2+ Kh3 90. Qd7+ Kg3 91. Qg7+
Kh2 92. Qe5+ Kh3 93. Qe6+ Kg3 94. Qg6+ Kh2 95. Qc2+ Kg3 96. Qg6+ Kh3 97. Qe6+
Kg3 98. Qg6+ Kf2 99. Qc2+ Kg1 100. Qc1+ Kg2 101. Qc2+ Kh3 102. Qc8+ Kg3 103.
Qg8+ Kf2 104. Qa2+ Qe2 105. Qf7+ Ke1 106. Kh7 Qe4+ 107. Kh8 h3 108. Qc7 Qh4+
109. Kg8 Qg5+ 110. Kh8 Qh6+ 111. Kg8 Qg6+ 112. Kh8 Qe8+ 113. Kh7 Qe4+ 114. Kh8
Qd4+ 115. Kh7 Qd3+ 116. Kh8 Qd4+ 117. Kg8 Qg1+ 118. Kh7 Qe3 119. Qh2 Qe7+ 120.
Kh8 Qf8+ 121. Kh7 Qf5+ 122. Kh8 Kf1 123. Qh1+ Kf2 124. Qh2+ Kf3 125. Qh1+ Kg4
126. Qd1+ Kg5 127. Qc1+ Kg6 128. Qg1+ Kh6 129. Qe3+ Kg6 130. Qe8+ Kf6 131. Qc6+
Kg5 132. Qc1+ Qf4 133. Qg1+ Kf5 134. Qb1+ Kf6 135. Qb6+ Kg5 136. Qg1+ Kh6 137.
Qb6+ Kh5 138. Qc5+ Kh6 139. Qc6+ Kg5 140. Qc5+ Kh4 141. Qe7+ Kh5 142. Qc5+ Qg5
143. Qf2 Qh6+ 144. Kg8 Qg5+ 145. Kh8 Qe5+ 146. Kh7 h2 147. Qf3+ Kg5 148. Qg2+
Kf6 149. Qc6+ Kf7 150. Qf3+ Ke8 151. Qc6+ Kd8 152. Qa8+ Kd7 153. Qh1 Qh5+ 154.
Kg8 Kd6 155. Kg7 Qg5+ 156. Kh8 Qg1 0-1

[Event "2006 Alberta Closed"]
[Site "Edmonton"]
[Date "2006.02.18"]
[Round "2"]
[White "Neven, Knut"]
[Black "Gardner, Robert"]
[Result "0-1"]
[WhiteElo "2237"]
[BlackElo "2265"]
[PlyCount "72"]
[EventDate "2006.02.18"]
[EventType "tourn"]
[EventRounds "5"]
[EventCountry "CAN"]

1. e4 d6 2. d4 Nf6 3. Nc3 g6 4. Nf3 Bg7 5. h3 O-O 6. Be3 a6 7. Be2 b5 8. e5
Nfd7 9. exd6 cxd6 10. O-O Bb7 11. Qd2 Re8 12. Bh6 Bh8 13. Rad1 Nf6 14. a3 Nbd7
15. Ng5 Rc8 16. f4 Nb6 17. f5 Nc4 18. Bxc4 Rxc4 19. Qe3 Qd7 20. fxg6 hxg6 21.
d5 Rec8 22. Rfe1 R8c7 23. Qf2 b4 24. axb4 Rxb4 25. Nge4 Rxb2 26. Rf1 Qe8 27.
Rd2 Rc4 28. Qe2 Qc8 29. Nxf6+ Bxf6 30. Rxf6 exf6 31. Ne4 Kh7 32. Nxd6 Qc5+ 33.
Be3 Qxd6 34. Qxc4 Qg3 35. Rf2 Rb1+ 36. Rf1 Qxe3+ 0-1

[Event "2006 Alberta Closed"]
[Site "Edmonton"]
[Date "2006.02.19"]
[Round "3"]
[White "Huber, Greg"]
[Black "Neven, Knut"]
[Result "0-1"]
[WhiteElo "2306"]
[BlackElo "2237"]
[PlyCount "80"]
[EventDate "2006.02.18"]
[EventType "tourn"]
[EventRounds "5"]
[EventCountry "CAN"]

1. e4 e6 2. d3 d5 3. Qe2 Be7 4. Nf3 c5 5. g3 Nc6 6. Bg2 Nf6 7. O-O O-O 8. Re1
b6 9. e5 Nd7 10. c4 dxc4 11. dxc4 Bb7 12. Nc3 Rb8 13. h4 a6 14. Bf4 Nd4 15.
Nxd4 cxd4 16. Ne4 Nc5 17. Rad1 Nxe4 18. Bxe4 Bxe4 19. Qxe4 Bc5 20. Bg5 Qc7 21.
Qf4 b5 22. cxb5 Rxb5 23. b3 Rb4 24. Re4 f5 25. exf6 Qxf4 26. Bxf4 Rxf6 27. Bg5
Kf7 28. Bxf6 gxf6 29. Kf1 e5 30. g4 Ke6 31. Ke2 Kd5 32. Kd3 Rb7 33. f4 Bd6 34.
Rc1 Rg7 35. f5 h5 36. a3 hxg4 37. b4 g3 38. Rg1 g2 39. Ree1 e4+ 40. Ke2 d3+ 0-1

[Event "2006 Alberta Closed"]
[Site "Edmonton"]
[Date "2006.02.19"]
[Round "3"]
[White "Reeve, Jeff"]
[Black "Haessel, Dale"]
[Result "1-0"]
[WhiteElo "2345"]
[BlackElo "2251"]
[PlyCount "53"]
[EventDate "2006.02.18"]
[EventType "tourn"]
[EventRounds "5"]
[EventCountry "CAN"]

1. Nf3 Nf6 2. c4 c5 3. Nc3 b6 4. e4 d6 5. d4 cxd4 6. Nxd4 Bb7 7. Bd3 e6 8. O-O
Be7 9. f4 O-O 10. Be3 Nbd7 11. Bc2 Rc8 12. b3 Nc5 13. e5 Nfe4 14. Nxe4 Bxe4 15.
Bxe4 Nxe4 16. Qf3 d5 17. f5 Bg5 18. fxe6 fxe6 19. Qxf8+ Qxf8 20. Rxf8+ Rxf8 21.
Bxg5 Nxg5 22. cxd5 exd5 23. Rc1 Ne4 24. e6 Nc5 25. b4 Nd3 26. Rc7 Rf4 27. g3
1-0

[Event "2006 Alberta Closed"]
[Site "Edmonton"]
[Date "2006.02.19"]
[Round "4"]
[White "Haessel, Dale"]
[Black "Gardner, Robert"]
[Result "1-0"]
[WhiteElo "2251"]
[BlackElo "2265"]
[PlyCount "59"]
[EventDate "2006.02.18"]
[EventType "tourn"]
[EventRounds "5"]
[EventCountry "CAN"]

1. d4 Nf6 2. c4 e6 3. Nf3 b6 4. e3 Bb7 5. Bd3 Ne4 6. O-O f5 7. Nfd2 d5 8. f3
Nxd2 9. Nxd2 c6 10. b3 Bd6 11. Qe2 Qc7 12. g3 O-O 13. Bb2 Nd7 14. Rac1 Rae8 15.
Bb1 Rf6 16. e4 fxe4 17. fxe4 Rxf1+ 18. Rxf1 Rf8 19. Nf3 dxc4 20. Qxc4 Bxg3 21.
Qxe6+ Kh8 22. e5 Ba6 23. Qh3 h6 24. Qxg3 Bxf1 25. Kxf1 Qc8 26. Kg1 Qa6 27. Qg6
Kg8 28. Bd3 Qxa2 29. Bc4+ Kh8 30. Ng5 1-0

[Event "2006 Alberta Closed"]
[Site "Edmonton"]
[Date "2006.02.19"]
[Round "4"]
[White "Huber, Greg"]
[Black "Reeve, Jeff"]
[Result "1-0"]
[WhiteElo "2306"]
[BlackElo "2345"]
[PlyCount "89"]
[EventDate "2006.02.18"]
[EventType "tourn"]
[EventRounds "5"]
[EventCountry "CAN"]

1. e4 c5 2. Nc3 Nc6 3. Nge2 Nf6 4. g3 g6 5. d4 cxd4 6. Nxd4 Nxd4 7. Qxd4 d6 8.
Bg2 Bg7 9. O-O O-O 10. a4 Be6 11. Qb4 Rb8 12. a5 Nd7 13. Nb5 a6 14. Nd4 Nc5 15.
Nxe6 Nxe6 16. Be3 Qc7 17. c3 Nc5 18. Qa3 Nd7 19. Rac1 Ne5 20. b3 Rfe8 21. Rfd1
Nd7 22. c4 Bf8 23. b4 e6 24. Ba7 Ra8 25. Bd4 e5 26. Be3 b6 27. axb6 Nxb6 28. c5
dxc5 29. Bxc5 Red8 30. Rxd8 Qxd8 31. Qa5 Rb8 32. Qxa6 Qd2 33. Ra1 Bxc5 34. bxc5
Ra8 35. Qf1 Rxa1 36. Qxa1 Nc4 37. Bf1 Nb2 38. Qa8+ Kg7 39. Qd5 Qc3 40. h4 Na4
41. Bc4 Kh6 42. Kg2 Nb2 43. Bb5 Qc2 44. Qxf7 Qxc5 45. g4 1-0

[Event "2006 Alberta Closed"]
[Site "Edmonton"]
[Date "2006.02.20"]
[Round "5"]
[White "Gardner, Robert"]
[Black "Huber, Greg"]
[Result "0-1"]
[WhiteElo "2265"]
[BlackElo "2306"]
[PlyCount "44"]
[EventDate "2006.02.18"]
[EventType "tourn"]
[EventRounds "5"]
[EventCountry "CAN"]

1. f4 c5 2. Nf3 Nc6 3. c4 e6 4. b3 Qc7 5. g3 Nf6 6. Bb2 Be7 7. Nc3 a6 8. e4 d6
9. Bh3 O-O 10. O-O Rb8 11. g4 b5 12. g5 Nh5 13. Nh4 g6 14. cxb5 axb5 15. Bg4
Ng7 16. Nf3 b4 17. Ne2 e5 18. Bxc8 Rbxc8 19. h4 Qd7 20. Qe1 Qg4+ 21. Kh1 Nh5
22. Nh2 Qxe2 0-1

[Event "2006 Alberta Closed"]
[Site "Edmonton"]
[Date "2006.02.20"]
[Round "5"]
[White "Reeve, Jeff"]
[Black "Neven, Knut"]
[Result "0-1"]
[WhiteElo "2345"]
[BlackElo "2237"]
[PlyCount "116"]
[EventDate "2006.02.18"]
[EventType "tourn"]
[EventRounds "5"]
[EventCountry "CAN"]

1. e4 e6 2. d4 d5 3. Nc3 Bb4 4. e5 c5 5. a3 Bxc3+ 6. bxc3 Ne7 7. Qg4 Qc7 8.
Qxg7 Rg8 9. Qxh7 cxd4 10. Ne2 Nbc6 11. f4 Bd7 12. Qd3 dxc3 13. Qxc3 O-O-O 14.
Rb1 Nf5 15. Rg1 d4 16. Qc5 b6 17. Qc4 Kb8 18. g4 Nh4 19. Rg3 Bc8 20. h3 Bb7 21.
Bd2 Rc8 22. Bb4 Nxb4 23. Qxc7+ Rxc7 24. axb4 Rxc2 25. Nxd4 Rh2 26. Rc1 Ng2+ 27.
Bxg2 Bxg2 28. Rcc3 Rd8 29. Nb5 Rh1+ 30. Kf2 Rd2+ 31. Ke3 Rb2 32. f5 Re1+ 33.
Kf4 Rxb4+ 34. Kg5 Rxb5 35. Rxg2 exf5 36. Kxf5 Rbxe5+ 37. Kf6 Re7 38. Rf2 R1e6+
39. Kg5 b5 40. Rb3 Rg6+ 41. Kh5 Rb6 42. g5 a5 43. Rf6 Ka7 44. Kh6 Re5 45. h4
Rxf6+ 46. gxf6 a4 47. Ra3 Kb6 48. Kg7 Rh5 49. Rh3 b4 50. Kxf7 b3 51. Kg6 Rc5
52. f7 Rc8 53. h5 b2 54. Rh1 a3 55. Rb1 Ka5 56. Kg7 a2 57. Rxb2 a1=Q 58. f8=Q
Rxf8 0-1

[Event "Edmonton Spring Sectional B"]
[Site "Edmonton"]
[Date "2006.04.13"]
[Round "?"]
[White "Balbutin, Nelson"]
[Black "Kuczaj, Chris"]
[Result "1-0"]
[WhiteElo "2202"]
[BlackElo "1918"]
[PlyCount "95"]
[EventDate "2006.04.??"]
[EventType "tourn"]
[EventRounds "5"]
[EventCountry "CAN"]

1. Nf3 Nf6 2. c4 g6 3. d4 Bg7 4. Nc3 d5 5. Bf4 O-O 6. e3 c5 7. dxc5 Qa5 8. Qb3
Ne4 9. Be5 Nxc5 10. Qb5 Qxb5 11. Nxb5 Nba6 12. Bxg7 Kxg7 13. cxd5 Nb4 14. Rd1
Bf5 15. Nfd4 Ncd3+ 16. Bxd3 Nxd3+ 17. Ke2 Nxb2 18. Nxf5+ gxf5 19. Rd4 a6 20.
Rb1 Na4 21. Rxa4 axb5 22. Rxa8 Rxa8 23. Rxb5 Rxa2+ 24. Kf3 Ra7 25. Rb6 Ra5 26.
Rxb7 Rxd5 27. Rxe7 Kf6 28. Re8 Rd2 29. h4 h6 30. Ra8 Rb2 31. Ra6+ Kg7 32. Rd6
Ra2 33. Rd4 Kf6 34. Rd6+ Kg7 35. Rd1 Kf6 36. Re1 Ke5 37. Re2 Ra4 38. g3 Rb4 39.
Ra2 Kf6 40. Ke2 Rb6 41. Kf3 Rb4 42. Rc2 Ra4 43. Rc6+ Kg7 44. Rd6 Ra2 45. Rd4
Kf6 46. Rf4 Ke5 47. g4 fxg4+ 48. Kxg4 1-0

[Event "1st Edmonton International"]
[Site "Edmonton"]
[Date "2006.04.13"]
[Round "1"]
[White "Reeve, Jeff"]
[Black "Gardner, Robert"]
[Result "0-1"]
[WhiteElo "2253"]
[BlackElo "2240"]
[PlyCount "140"]
[EventDate "2006.04.13"]
[EventType "tourn"]
[EventRounds "9"]
[EventCountry "CAN"]

1. e4 c5 2. Nf3 d6 3. d4 cxd4 4. Nxd4 Nf6 5. Nc3 Nc6 6. Bg5 e6 7. Qd2 Bd7 8.
O-O-O a6 9. f3 Qa5 10. Nb3 Qc7 11. Kb1 Ne5 12. f4 Nc6 13. Be2 Be7 14. Rhe1 h6
15. Bxf6 gxf6 16. Bh5 Rh7 17. Re3 O-O-O 18. Nd5 exd5 19. exd5 Bf8 20. dxc6 Bxc6
21. Nd4 Rg7 22. Nxc6 bxc6 23. Be2 a5 24. Ba6+ Kd7 25. Rde1 d5 26. g3 Bc5 27.
Rb3 Rb8 28. Qd3 Rg6 29. Qe2 a4 30. Rxb8 Qxb8 31. Qh5 a3 32. b3 Qb4 33. Qf5+ Kc7
34. Qc8+ Kb6 35. Qb7+ Ka5 36. Qxb4+ Bxb4 37. c3 Bxc3 38. Rc1 Kxa6 39. Rxc3 Kb5
40. Kc2 c5 41. Re3 h5 42. Re7 h4 43. Rb7+ Kc6 44. Rxf7 hxg3 45. hxg3 Rxg3 46.
Rxf6+ Kb5 47. Rf8 Rg2+ 48. Kc3 Rxa2 49. Rb8+ Kc6 50. Rc8+ Kb6 51. b4 c4 52. Rc5
Ra1 53. Ra5 Rf1 54. Rxa3 Rxf4 55. Ra5 Rf3+ 56. Kc2 Kc6 57. Rc5+ Kd6 58. Rc8 Ke5
59. Rh8 Rb3 60. Re8+ Kd6 61. Rd8+ Ke5 62. Re8+ Kd4 63. Rb8 Rh3 64. Rg8 Rh2+ 65.
Kd1 Kc3 66. b5 Rh1+ 67. Ke2 d4 68. b6 d3+ 69. Ke3 Re1+ 70. Kf2 Rb1 0-1

[Event "1st Edmonton International"]
[Site "Edmonton"]
[Date "2006.04.13"]
[Round "1"]
[White "Zilberstein, Dmitry"]
[Black "Nekrasov, Mihail"]
[Result "1/2-1/2"]
[WhiteElo "2381"]
[BlackElo "2406"]
[PlyCount "73"]
[EventDate "2006.04.13"]
[EventType "tourn"]
[EventRounds "9"]
[EventCountry "CAN"]

1. d4 Nf6 2. c4 c5 3. d5 e6 4. Nc3 exd5 5. cxd5 d6 6. Nf3 g6 7. Nd2 Bg7 8. e4
O-O 9. Be2 Na6 10. O-O Ne8 11. Nc4 f5 12. exf5 Bxf5 13. Bf4 b5 14. Nxb5 Bd7 15.
Bxd6 Bxb5 16. Bxf8 Kxf8 17. d6 Bd4 18. Ne5 Rb8 19. Bxb5 Rxb5 20. Qf3+ Nf6 21.
Qf4 Nb4 22. Rae1 Kg7 23. Ng4 Nbd5 24. Qh6+ Kg8 25. Nxf6+ Bxf6 26. Qh3 Qxd6 27.
Qc8+ Kg7 28. Re6 Qc7 29. Qxc7+ Nxc7 30. Rc6 Nd5 31. b3 Bd4 32. Rd6 Nf6 33. Re1
Rb7 34. Re2 Kf7 35. h3 Nh5 36. Rd2 a5 37. g3 1/2-1/2

[Event "1st Edmonton International"]
[Site "Edmonton"]
[Date "2006.04.14"]
[Round "2"]
[White "Day, Lawrence"]
[Black "Zilberstein, Dmitry"]
[Result "0-1"]
[WhiteElo "2289"]
[BlackElo "2381"]
[PlyCount "160"]
[EventDate "2006.04.13"]
[EventType "tourn"]
[EventRounds "9"]
[EventCountry "CAN"]

1. e4 c5 2. Nc3 Nc6 3. g3 g6 4. Bg2 Bg7 5. d3 d6 6. f4 Nf6 7. Nf3 O-O 8. O-O
Bg4 9. h3 Bxf3 10. Bxf3 Nd7 11. Bg2 Rb8 12. Nd5 b5 13. c3 b4 14. Bd2 bxc3 15.
bxc3 e6 16. Ne3 Ne7 17. Qc2 Qc7 18. Rfe1 Rb6 19. g4 Rfb8 20. Nc4 Rb5 21. f5 Nc6
22. Rab1 Rxb1 23. Rxb1 Nde5 24. Ne3 Rxb1+ 25. Qxb1 Qb6 26. Qc2 Qb5 27. fxe6
fxe6 28. Nc4 Nxc4 29. dxc4 Qb6 30. Bf1 Ne5 31. Be2 h6 32. h4 Qd8 33. g5 hxg5
34. hxg5 Nf7 35. Qc1 Kf8 36. Bg4 Ke7 37. Kg2 Be5 38. Qa3 Qb6 39. Qb3 Nd8 40.
Bd1 Nc6 41. Qxb6 axb6 42. Ba4 Nd8 43. Kf3 Nf7 44. Kg4 Bg7 45. Bb5 Ne5+ 46. Kf4
Kd8 47. Kg3 Ke7 48. Kf4 Nf7 49. Kg4 Be5 50. Be1 Bh2 51. Bd2 e5 52. Kh3 Bf4 53.
Bxf4 exf4 54. Kg4 f3 55. Kxf3 Nxg5+ 56. Kf4 Nf7 57. Ba4 Kf6 58. Bd1 g5+ 59. Ke3
Ne5 60. Be2 Ke7 61. Kf2 Kd7 62. Kg3 Kc7 63. Bh5 Nd3 64. a3 Ne5 65. Be2 Kb7 66.
a4 Ka6 67. Bh5 Ka5 68. Be8 Nxc4 69. Kg4 Nb2 70. Kxg5 Nxa4 71. c4 Nb2 72. Kf6
Nxc4 73. Ke6 b5 74. Kd5 Kb4 75. Kc6 Nd2 76. Bg6 Nc4 77. Be8 Kc3 78. Kxb5 Kd4
79. Bc6 Nd2 80. Bd5 Nxe4 0-1

[Event "1st Edmonton International"]
[Site "Edmonton"]
[Date "2006.04.14"]
[Round "2"]
[White "Gentes, Kevin"]
[Black "Kraai, Jesse"]
[Result "0-1"]
[WhiteElo "2303"]
[BlackElo "2289"]
[PlyCount "68"]
[EventDate "2006.04.13"]
[EventType "tourn"]
[EventRounds "9"]
[EventCountry "CAN"]

1. g3 c5 2. Bg2 Nc6 3. c4 g6 4. e3 Bg7 5. Ne2 e5 6. Nbc3 Nge7 7. O-O O-O 8. a3
a5 9. b3 d6 10. Bb2 Rb8 11. Qc2 Bg4 12. h3 Be6 13. Rad1 Qd7 14. Kh2 a4 15. bxa4
Bxc4 16. d3 Be6 17. Nb5 Rfc8 18. Rb1 b6 19. Rfd1 d5 20. Bc1 d4 21. exd4 cxd4
22. Qb2 Na5 23. Bd2 Bb3 24. Rdc1 Bxa4 25. Nbxd4 exd4 26. Bxa5 bxa5 27. Qxb8
Rxb8 28. Rxb8+ Bf8 29. Rc4 Bc6 30. Rxd4 Qf5 31. Rdd8 Qxf2 32. Rxf8+ Kg7 33. Nf4
g5 34. Ne6+ Kh6 0-1

[Event "1st Edmonton International"]
[Site "Edmonton"]
[Date "2006.04.14"]
[Round "2"]
[White "Nekrasov, Mihail"]
[Black "Haessel, Dale"]
[Result "1-0"]
[WhiteElo "2406"]
[BlackElo "2183"]
[PlyCount "51"]
[EventDate "2006.04.13"]
[EventType "tourn"]
[EventRounds "9"]
[EventCountry "CAN"]

1. e4 c5 2. Nf3 d6 3. d4 cxd4 4. Nxd4 Nf6 5. Nc3 a6 6. f4 e5 7. Nf3 Nbd7 8. Bd3
Be7 9. O-O exf4 10. Kh1 O-O 11. Bxf4 Nc5 12. Nd4 Bg4 13. Be2 Bd7 14. Bf3 g6 15.
Qd2 Ne6 16. Be3 Rc8 17. Rad1 Re8 18. Nb3 Qc7 19. Qf2 b5 20. Be2 Rf8 21. Bh6 Ng7
22. Qd4 Ne6 23. Qf2 Ng7 24. Bg5 Nge8 25. Qd4 Bc6 26. Bh6 1-0

[Event "1st Edmonton International"]
[Site "Edmonton"]
[Date "2006.04.14"]
[Round "2"]
[White "Vavrak, Peter"]
[Black "Reeve, Jeff"]
[Result "1-0"]
[WhiteElo "2408"]
[BlackElo "2253"]
[PlyCount "101"]
[EventDate "2006.04.13"]
[EventType "tourn"]
[EventRounds "9"]
[EventCountry "CAN"]

1. d4 Nf6 2. c4 c5 3. d5 b5 4. cxb5 a6 5. b6 g6 6. Nc3 d6 7. e4 Qxb6 8. Nf3
Nbd7 9. Nd2 Bg7 10. a4 O-O 11. Be2 Rb8 12. O-O Qc7 13. Nc4 Ne8 14. Bf4 Ne5 15.
Qd2 Nxc4 16. Bxc4 Qa5 17. Rac1 e5 18. dxe6 Bxe6 19. Nd5 Qxd2 20. Bxd2 Bxd5 21.
exd5 Rxb2 22. Ba5 Bd4 23. Rb1 Bxf2+ 24. Kh1 Rxb1 25. Rxb1 Nf6 26. Rb6 Ne4 27.
g3 Re8 28. Rxa6 Bd4 29. Kg2 g5 30. g4 h5 31. gxh5 f5 32. h3 f4 33. Kf3 Nf6 34.
Bd2 Ne4 35. Bc1 Bc3 36. Bb5 Re5 37. a5 Kg7 38. Ra7+ Kh6 39. a6 Nd2+ 40. Bxd2
Bxd2 41. Rd7 Kxh5 42. Rh7+ Kg6 43. Bd3+ Kf6 44. a7 Re3+ 45. Kf2 Re8 46. Bb5
Be3+ 47. Ke2 Rc8 48. Bc6 c4 49. a8=Q Rxa8 50. Bxa8 c3 51. Kd3 1-0

[Event "1st Edmonton International"]
[Site "Edmonton"]
[Date "2006.04.14"]
[Round "3"]
[White "Gardner, Robert"]
[Black "Vavrak, Peter"]
[Result "0-1"]
[WhiteElo "2240"]
[BlackElo "2408"]
[PlyCount "100"]
[EventDate "2006.04.13"]
[EventType "tourn"]
[EventRounds "9"]
[EventCountry "CAN"]

1. f4 Nf6 2. Nf3 g6 3. d3 d5 4. e3 Bg7 5. Be2 O-O 6. O-O Nbd7 7. Qe1 b6 8. a4
a5 9. Qh4 Re8 10. g4 Nf8 11. Ne5 Qd6 12. Nc3 c6 13. d4 N6d7 14. b3 f6 15. Ba3
Qc7 16. Nxd7 Bxd7 17. f5 e6 18. Bxf8 Rxf8 19. fxg6 hxg6 20. Bd3 f5 21. gxf5
exf5 22. Ne2 Kf7 23. Nf4 Rh8 24. Qg3 Rh6 25. c4 Rah8 26. Ra2 g5 27. Ne2 Qxg3+
28. Nxg3 f4 29. cxd5 cxd5 30. exf4 Bxd4+ 31. Kh1 g4 32. Bf5 Be6 33. Bxe6+ Rxe6
34. Rd2 Bc5 35. Rxd5 Re3 36. Rf5+ Ke6 37. Re5+ Rxe5 38. fxe5 Kxe5 39. Rf5+ Kd4
40. Rg5 Kc3 41. Ne4+ Kb4 42. Rxg4 Kxb3 43. Nd2+ Kc2 44. Nc4 Rd8 45. h4 Rd4 46.
Na3+ Kb3 47. Rxd4 Bxd4 48. Nb5 Be5 49. h5 Kxa4 50. Na7 Kb3 0-1

[Event "1st Edmonton International"]
[Site "Edmonton"]
[Date "2006.04.14"]
[Round "3"]
[White "Haessel, Dale"]
[Black "Day, Lawrence"]
[Result "0-1"]
[WhiteElo "2183"]
[BlackElo "2289"]
[PlyCount "46"]
[EventDate "2006.04.13"]
[EventType "tourn"]
[EventRounds "9"]
[EventCountry "CAN"]

1. c4 e6 2. d4 d5 3. Nf3 c5 4. cxd5 exd5 5. g3 Nc6 6. Bg2 Nf6 7. O-O Be7 8.
dxc5 Bxc5 9. Bg5 Be6 10. Qc2 Be7 11. Rd1 O-O 12. Nc3 Qa5 13. Nd4 h6 14. Nb3 Qa6
15. Be3 Rfd8 16. Nc5 Bxc5 17. Bxc5 Qc4 18. Be3 d4 19. Bxc6 bxc6 20. Qd2 dxc3
21. Qxd8+ Rxd8 22. Rxd8+ Kh7 23. bxc3 Qxe2 0-1

[Event "1st Edmonton International"]
[Site "Edmonton"]
[Date "2006.04.14"]
[Round "3"]
[White "Reeve, Jeff"]
[Black "Gentes, Kevin"]
[Result "0-1"]
[WhiteElo "2253"]
[BlackElo "2303"]
[PlyCount "55"]
[EventDate "2006.04.13"]
[EventType "tourn"]
[EventRounds "9"]
[EventCountry "CAN"]

1. e4 c5 2. Nf3 d6 3. d4 cxd4 4. Nxd4 Nf6 5. Nc3 a6 6. Bg5 e6 7. f4 Nbd7 8. Qf3
Qc7 9. O-O-O Be7 10. g4 b5 11. Bxf6 Nxf6 12. g5 Nd7 13. f5 Bxg5+ 14. Kb1 Ne5
15. Qh5 Qe7 16. fxe6 g6 17. Qe2 fxe6 18. Qg2 Bd7 19. Bd3 O-O 20. Rhf1 Rxf1 21.
Rxf1 Rf8 22. Rxf8+ Kxf8 23. a3 Qf6 24. Nce2 h5 25. h3 Be3 26. Nb3 Qf3 27. Qxf3+
Nxf3 28. c3 0-1

[Event "1st Edmonton International"]
[Site "Edmonton"]
[Date "2006.04.15"]
[Round "4"]
[White "Day, Lawrence"]
[Black "Kraai, Jesse"]
[Result "0-1"]
[WhiteElo "2289"]
[BlackElo "2466"]
[PlyCount "52"]
[EventDate "2006.04.13"]
[EventType "tourn"]
[EventRounds "9"]
[EventCountry "CAN"]

1. Nf3 c5 2. g3 Nc6 3. Bg2 g6 4. d4 cxd4 5. Nxd4 Bg7 6. Nb3 d6 7. O-O Be6 8. h3
Qd7 9. Kh2 h5 10. e4 f5 11. exf5 gxf5 12. f4 Nf6 13. N1d2 O-O-O 14. Qe2 h4 15.
gxh4 Rxh4 16. Nf3 Rh6 17. c3 Rdh8 18. Be3 Ng4+ 19. Kg1 Bc4 20. Qxc4 Nxe3 21.
Qf7 Bf6 22. Nbd4 Nd8 23. Qb3 Rg6 24. Rf2 Rhg8 25. Kh1 Nxg2 26. Ne2 Nh4 0-1

[Event "1st Edmonton International"]
[Site "Edmonton"]
[Date "2006.04.15"]
[Round "4"]
[White "Gentes, Kevin"]
[Black "Gardner, Robert"]
[Result "1-0"]
[WhiteElo "2303"]
[BlackElo "2240"]
[PlyCount "73"]
[EventDate "2006.04.13"]
[EventType "tourn"]
[EventRounds "9"]
[EventCountry "CAN"]

1. c4 b6 2. Nc3 Bb7 3. Nf3 e6 4. g3 f5 5. Bg2 Nf6 6. O-O Bb4 7. Qc2 O-O 8. b3
c6 9. Bb2 d5 10. e3 Nbd7 11. Rad1 Rc8 12. Ne2 Bd6 13. Nf4 Qe7 14. Nd4 Nc5 15.
b4 Na6 16. Ndxe6 Bxf4 17. Nxf4 Nxb4 18. Qb3 dxc4 19. Qxc4+ Kh8 20. a3 Nbd5 21.
Nxd5 Nxd5 22. d3 Nf6 23. e4 f4 24. gxf4 Nh5 25. f5 Nf4 26. Bc1 Nxg2 27. Kxg2 c5
28. f3 a6 29. Kh1 b5 30. Qc3 c4 31. d4 Qh4 32. d5 Rce8 33. Bb2 Rf7 34. Rg1 Ree7
35. Rg4 Qh6 36. Rdg1 Rd7 37. Qe5 1-0